000 00372 a2200109 4500
001 ART_10988
005 20260410161849.0
008 260409a
245 1 0 _aEnfoques alternativos para el análisis del empleo en los países en vías de desarrollo
100 1 _aNeffa, Julio César
773 0 _tEconómica
_g- Año XXX, Nº 1 (ene./abr. 1984)
_wREV7541
999 _c24831
_d24831